[Event "Espalion op 2nd"]
[Site "Espalion"]
[Date "2017.07.19"]
[Round "6"]
[White "Labarrere, Daniel"]
[Black "Uliczny, Kevin"]
[Result "1/2-1/2"]
[WhiteElo "1816"]
[BlackElo "1690"]
[PlyCount "40"]
[EventDate "2017.07.15"]
[EventType "swiss"]
[EventRounds "9"]
[EventCountry "FRA"]
[SourceTitle "CBM 179 Extra"]
[Source "ChessBase"]
[SourceDate "2017.08.23"]
[SourceVersion "1"]
[SourceVersionDate "2017.08.23"]
[SourceQuality "1"]

1. d4 Nf6 2. Nf3 g6 3. c3 d5 4. Bg5 Bg7 5. e3 0-0 6. Nbd2 Bg4 7. Qb3 b6 8. Ne5 Bc8 9. Bd3 c5 10. Qd1 Bb7 11. a4 Nbd7 12. Ng4 Nxg4 13. Qxg4 h6 14. Bh4 Nf6 15. Bxf6 Bxf6 16. Nf3 Bc8 17. Qg3 Be6 18. Bxg6 fxg6 19. Qxg6+ Kh8 20. Qxh6+ Kg8 1/2-1/2

[Event "Espalion op 2nd"]
[Site "Espalion"]
[Date "2017.07.15"]
[Round "1"]
[White "Uliczny, Kevin"]
[Black "Menard, Baptiste"]
[Result "0-1"]
[WhiteElo "1690"]
[BlackElo "2167"]
[PlyCount "88"]
[EventDate "2017.07.15"]
[EventType "swiss"]
[EventRounds "9"]
[EventCountry "FRA"]
[SourceTitle "CBM 179 Extra"]
[Source "ChessBase"]
[SourceDate "2017.08.23"]
[SourceVersion "1"]
[SourceVersionDate "2017.08.23"]
[SourceQuality "1"]

1. e4 g6 2. d4 Bg7 3. Nf3 d6 4. Nc3 a6 5. Bc4 e6 6. 0-0 Ne7 7. Be3 Nd7 8. Qd2 h6 9. Ne2 Nf6 10. Bd3 b6 11. c4 Bb7 12. Nc3 d5 13. e5 Ne4 14. Qc2 Nxc3 15. bxc3 dxc4 16. Bxc4 Nd5 17. Bc1 c5 18. Ba3 cxd4 19. cxd4 Bf8 20. Bxf8 Kxf8 21. Nd2 Rc8 22. Qb3 b5 23. Be2 Nc3 24. Bf3 Bxf3 25. Nxf3 Kg7 26. Kh1 a5 27. Rac1 b4 28. a3 Qd5 29. Qxd5 Nxd5 30. axb4 axb4 31. Nd2 Rc3 32. Rxc3 bxc3 33. Ne4 Rb8 34. g3 c2 35. Nd2 Nc3 36. Rc1 Rb1 37. Nxb1 cxb1R 38. Rxb1 Nxb1 39. Kg2 g5 40. Kf3 Kg6 41. Ke4 g4 42. d5 exd5+ 43. Kxd5 Nc3+ 44. Kd4 Nd1 0-1